| 000 | 01240ntm a22004577a 4500 | ||
|---|---|---|---|
| 005 | 20251125184920.0 | ||
| 008 | 181130b2016 xxu||||| |||| 00| 0 spa d | ||
| 020 | _a9789587781854 | ||
| 041 | _aESP | ||
| 082 | _a658.562 G633g | ||
| 100 |
_aGómez Martínez, José Antonio _950993 |
||
| 245 | _aGuía para la aplicación de ISO: 2015 | ||
| 260 | _aCosta Rica | ||
| 260 | _bAlfaomega | ||
| 260 | _c2016 | ||
| 300 | _a314 páginas | ||
| 490 | _aDirección y Administración de Empresas | ||
| 650 | _aCONTROL DE CALIDAD | ||
| 650 | _aISO 9001: 2015 | ||
| 650 | _aGESTIÓN DE CALIDAD | ||
| 650 | _aNORMAS DE SISTEMAS DE GESTIÓN | ||
| 650 | _aANÁLISIS DAFO | ||
| 650 | _aENFOQUE AL CLIENTE | ||
| 650 | _aPOLÍTICA DE LA CALIDAD | ||
| 650 | _aISO 31000 | ||
| 650 | _aPLANIFICACIÓN DE LOS CAMBIOS | ||
| 650 | _aALCANCES | ||
| 650 | _aLIDERAZGO | ||
| 650 | _aCOMPROMISO | ||
| 650 | _aPLANIFICACIÓN | ||
| 650 | _aCOMPETENCIAS | ||
| 650 | _aTOMA DE CONCIENCIA | ||
| 650 | _aCOMUNICACIÓN | ||
| 650 | _aCONTROL OPERACIONAL | ||
| 650 | _aPRODUCTOS | ||
| 650 | _aSERVICIOS | ||
| 650 | _aEVALUACIÓN DEL DESEMPEÑO | ||
| 650 | _aAUDITORÍA INTERNA | ||
| 650 | _aMEJORA CONTINUA | ||
| 942 |
_cBK _2ddc |
||
| 999 |
_c11398 _d11398 |
||